书目信息 |
| 题名: |
电视接收天线
|
|
| 作者: | 邸元春 , 王能忠 编著 | |
| 分册: | ||
| 出版信息: | 北京 人民邮电出版社 1982 |
|
| 页数: | 276页 | |
| 开本: | 19cm | |
| 丛书名: | 无线电爱好者丛书 | |
| 单 册: | ||
| 中图分类: | TN948.52 | |
| 科图分类: | ||
| 主题词: | 电视天线 | |
| 电子资源: | ||
| ISBN: | ||
| 000 | 00791nam0 2200265 45 | |
| 001 | 0182006591 | |
| 005 | 20060518150248.01 | |
| 010 | @dCNY0.67 | |
| 091 | @a15045·总2635-无6206 | |
| 100 | @a19950614d1982 em y0chiy0121 ea | |
| 101 | 0 | @achi |
| 102 | @aCN@b110000 | |
| 105 | @ay z 000yy | |
| 200 | 10 | @a电视接收天线@Adian shi jie shou tian xian@f邸元春, 王能忠编著@Fdi yuan chun,wang neng zhong bian zhu |
| 210 | @a北京@c人民邮电出版社@d1982 | |
| 215 | @a276页@d19cm | |
| 225 | 2 | @a无线电爱好者丛书 |
| 410 | 0 | @12001 @a无线电爱好者丛书 |
| 606 | @a电视天线 | |
| 690 | @aTN948.52@v3 | |
| 701 | 0 | @a邸元春@Adi yuan chun@4编著 |
| 701 | 0 | @a王能忠@Awang neng zhong@4编著 |
| 801 | 2 | @aCN@bNLC@c20060518 |
| 801 | 0 | @aCN@b上海图书馆@c20060404 |
| 905 | @dTN948.52@e40@f1@b104551 | |
| 电视接收天线/邸元春, 王能忠编著.-北京:人民邮电出版社,1982 |
| 276页;19cm.-(无线电爱好者丛书) |
| ISBN :CNY0.67 |
| ● |
| 相关链接 |
|
|
|
|
正题名:电视接收天线
索取号:TN948.52/40
 
预约/预借
| 序号 | 登录号 | 条形码 | 馆藏地/架位号 | 状态 | 备注 |
| 1 | 0104550 | 001325685 | 第三借阅区/ [索取号:TN948.52/40] | 在馆 | |
| 2 | 0104551 | 001325729 | 第三借阅区/ [索取号:TN948.52/40] | 在馆 | |
| 3 | 0104552 | 001325649 | 第三借阅区/ [索取号:TN948.52/40] | 在馆 | |
| 4 | 0104553 | 202170578 | 密集书库/ [索取号:TN948.52/40] | 在馆 | |
| 5 | 0104554 | 202348780 | 密集书库/ [索取号:TN948.52/40] | 在馆 | |
| 6 | 0110012 | 001325765 | 第二样本阅览室/ [索取号:TN948.52/40] | 在馆 | |
| 7 | 0110013 | 202228632 | 密集书库/ [索取号:TN948.52/40] | 在馆 |